[Event "Migoya Memorial tt"]
[Site "Camaguey"]
[Date "2018.09.24"]
[Round "3.1"]
[White "Robaina Hernandez, Carlos"]
[Black "Cabrera Gonzalez, Maximo Ariel"]
[Result "0-1"]
[WhiteElo "2124"]
[BlackElo "2114"]
[PlyCount "74"]
[EventDate "2018.09.20"]
[EventType "team-tourn"]
[EventRounds "10"]
[EventCountry "CUB"]
[SourceTitle "EXT 2021"]
[Source "ChessBase"]
[SourceDate "2020.10.23"]
[SourceVersion "1"]
[SourceVersionDate "2020.10.23"]
[SourceQuality "1"]

1. e4 e5 2. Nf3 Nc6 3. Bb5 a6 4. Ba4 Nf6 5. d3 b5 6. Bb3 Be7 7. 0-0 d6 8. c3 0-0 9. Nbd2 Na5 10. Bc2 c5 11. Re1 Nc6 12. Nf1 Re8 13. h3 h6 14. g4 h5 15. g5 Nh7 16. h4 Qd7 17. N3h2 g6 18. Qf3 f6 19. gxf6 Bxf6 20. Qg3 Kg7 21. f4 Qh3 22. Nf3 Qxg3+ 23. Nxg3 Bg4 24. Ng5 exf4 25. Bxf4 Nxg5 26. hxg5 Be5 27. Rf1 Rf8 28. Bxe5+ Nxe5 29. Kg2 Nf3 30. Bd1 Nh4+ 31. Kh1 Rxf1+ 32. Nxf1 Bxd1 33. Rxd1 Nf3 34. d4 cxd4 35. cxd4 Nxg5 36. e5 dxe5 37. dxe5 Re8 0-1

[Event "Migoya Memorial tt"]
[Site "Camaguey"]
[Date "2018.09.23"]
[Round "2.3"]
[White "Miranda Rodriguez, Tania"]
[Black "Robaina Hernandez, Carlos"]
[Result "1-0"]
[WhiteElo "2152"]
[BlackElo "2124"]
[PlyCount "63"]
[EventDate "2018.09.20"]
[EventType "team-tourn"]
[EventRounds "10"]
[EventCountry "CUB"]
[SourceTitle "EXT 2021"]
[Source "ChessBase"]
[SourceDate "2020.10.23"]
[SourceVersion "1"]
[SourceVersionDate "2020.10.23"]
[SourceQuality "1"]

1. e4 e6 2. d4 d5 3. Nd2 Nf6 4. e5 Ng8 5. Bd3 c5 6. c3 cxd4 7. cxd4 Nc6 8. Ne2 Nge7 9. 0-0 Nf5 10. Nf3 h5 11. Bg5 Be7 12. Bxe7 Qxe7 13. Qd2 Bd7 14. Bxf5 exf5 15. h4 0-0-0 16. Nf4 Be6 17. Rfc1 Kb8 18. Rc5 Qd7 19. b4 Rc8 20. b5 Ne7 21. a4 b6 22. Rxc8+ Nxc8 23. Rc1 Ne7 24. Qb4 g6 25. Ng5 Kb7 26. Qd6 Rc8 27. Rxc8 Nxc8 28. Qxd7+ Bxd7 29. Nxd5 a6 30. Nc3 axb5 31. axb5 Be8 32. d5 1-0

[Event "Camaguey-A"]
[Site "Camaguey"]
[Date "2010.02.03"]
[Round "3"]
[White "Robaina Hernandez, Carlos"]
[Black "Quesada Vera, Liordis"]
[Result "1-0"]
[WhiteElo "2182"]
[BlackElo "2304"]
[PlyCount "127"]
[EventDate "2010.02.02"]
[EventType "tourn"]
[EventRounds "11"]
[EventCountry "CUB"]
[SourceTitle "CBM 135 Extra"]
[Source "ChessBase"]
[SourceDate "2010.05.04"]
[SourceVersion "1"]
[SourceVersionDate "2010.05.04"]
[SourceQuality "1"]

1. e4 e5 2. Nf3 Nc6 3. Bc4 Nf6 4. Qe2 Bc5 5. d3 d6 6. c3 Bb6 7. Nbd2 0-0 8. Nf1 Ne7 9. Ng3 Ng6 10. Bg5 Nf4 11. Qf1 h6 12. Bxf4 exf4 13. Ne2 d5 14. exd5 Nxd5 15. 0-0-0 Qd6 16. Kb1 Nf6 17. h3 Bf5 18. g4 fxg3 19. Nxg3 Bh7 20. Rg1 Qc5 21. Qg2 Qxf2 22. Ne4 Qxg2 23. Nxf6+ gxf6 24. Rxg2+ Kh8 25. Nh4 Rad8 26. Kc2 Be3 27. Rf1 b5 28. Bxb5 Rd5 29. Bc4 Rh5 30. Nf3 Rxh3 31. Re2 Bb6 32. Nd4 c5 33. Nf5 Rh5 34. Nd6 Kg7 35. Ne8+ Rxe8 36. Rxe8 f5 37. Re7 Bg6 38. a4 Rh2+ 39. Kb3 h5 40. Rb7 h4 41. Ra1 h3 42. a5 Bxa5 43. Rxa5 Rg2 44. Bd5 Rg1 45. Raxa7 h2 46. Rxf7+ Bxf7 47. Rxf7+ Kg6 48. Rf8 h1Q 49. Bxh1 Rxh1 50. Kc4 Rb1 51. Kxc5 Rxb2 52. d4 Rf2 53. d5 Kg7 54. Re8 Kf7 55. Re1 f4 56. c4 f3 57. Re3 Rf1 58. Kd6 Kf6 59. c5 Kf5 60. c6 Kf4 61. Re8 f2 62. c7 Rc1 63. Rf8+ Ke3 64. Kd7 1-0

[Event "Camaguey Province-ch"]
[Site "Camaguey"]
[Date "2009.11.15"]
[Round "2"]
[White "Leon Oquendo, Jorge L"]
[Black "Robaina Hernandez, Carlos"]
[Result "0-1"]
[WhiteElo "2108"]
[BlackElo "2180"]
[PlyCount "102"]
[EventDate "2009.11.02"]
[EventType "tourn"]
[EventRounds "18"]
[EventCountry "CUB"]
[EventCategory "1"]
[SourceTitle "EXT 2012"]
[Source "ChessBase"]
[SourceDate "2011.11.24"]
[SourceVersion "1"]
[SourceVersionDate "2011.11.24"]
[SourceQuality "1"]

1. e4 d6 2. d4 Nd7 3. Nf3 e6 4. Nc3 Be7 5. Be2 e5 6. 0-0 Ngf6 7. h3 0-0 8. Be3 c6 9. a4 Qc7 10. Bd3 Re8 11. d5 cxd5 12. Nxd5 Nxd5 13. exd5 Nc5 14. Bb5 Rf8 15. Nd2 f5 16. f3 f4 17. Bf2 a6 18. Be2 a5 19. c3 Rf6 20. Re1 Bf5 21. Nb3 b6 22. Nxc5 bxc5 23. Bd3 Bd7 24. Bb5 Bf5 25. b4 c4 26. Bc6 Rb8 27. b5 Rg6 28. b6 Rxb6 29. Bxb6 Qxb6+ 30. Kh1 Qf2 31. Rg1 Qh4 32. Ra2 Rg3 33. Rf1 Bxh3 34. Kg1 Qg5 35. Rff2 Bf5 36. Kf1 e4 37. fxe4 Bxe4 38. Qd4 Bd3+ 39. Kg1 f3 40. Rab2 h5 41. Bd7 Bf6 42. Qb6 Be5 43. Be6+ Kh7 44. Rbd2 Be2 45. Rfxe2 fxe2 46. Rxe2 Rxc3 47. Qf2 Rc1+ 48. Re1 Bd4 49. Qxd4 Rxe1+ 50. Kf2 Re5 51. g3 Qf6+ 0-1

[Event "Camaguey Province-ch"]
[Site "Camaguey"]
[Date "2009.11.08"]
[Round "1"]
[White "Robaina Hernandez, Carlos"]
[Black "Leon Oquendo, Jorge L"]
[Result "1-0"]
[WhiteElo "2180"]
[BlackElo "2108"]
[PlyCount "105"]
[EventDate "2009.11.02"]
[EventType "tourn"]
[EventRounds "18"]
[EventCountry "CUB"]
[EventCategory "1"]
[SourceTitle "EXT 2012"]
[Source "ChessBase"]
[SourceDate "2011.11.24"]
[SourceVersion "1"]
[SourceVersionDate "2011.11.24"]
[SourceQuality "1"]

1. e4 c6 2. d4 d5 3. Nc3 dxe4 4. Nxe4 Bf5 5. Ng3 Bg6 6. f4 e6 7. Nf3 Nd7 8. Bd3 Ngf6 9. 0-0 Bd6 10. f5 exf5 11. Nxf5 Bxf5 12. Bxf5 0-0 13. Bg5 Qb6 14. Kh1 Rfe8 15. Qd3 c5 16. Bxd7 Nxd7 17. Qf5 Qc7 18. d5 Ne5 19. Nd2 Qd7 20. Qxd7 Nxd7 21. Nc4 Bf8 22. Rae1 Nb6 23. Nxb6 axb6 24. a3 Bd6 25. g3 b5 26. Kg2 Be5 27. c3 c4 28. Re4 f6 29. Rfe1 Kf7 30. Bf4 Bxf4 31. gxf4 Rxe4 32. Rxe4 Rd8 33. Rd4 Rd6 34. Kf3 Ke7 35. Ke4 Ra6 36. Rd2 Rd6 37. Kd4 b6 38. Rg2 g6 39. h4 Kf7 40. a4 bxa4 41. Kxc4 Rd7 42. Rd2 Ra7 43. Kb5 a3 44. bxa3 Rxa3 45. c4 Ke7 46. Re2+ Kd7 47. Kxb6 Rb3+ 48. Kc5 Rh3 49. Ra2 Rxh4 50. Ra7+ Ke8 51. Kd6 Rxf4 52. c5 g5 53. c6 1-0

[Event "Camaguey Province-ch sf"]
[Site "Camaguey"]
[Date "2009.08.17"]
[Round "4"]
[White "Torres Delgado, Walfrido"]
[Black "Robaina Hernandez, Carlos"]
[Result "1-0"]
[WhiteElo "2003"]
[BlackElo "2180"]
[PlyCount "57"]
[EventDate "2009.08.15"]
[EventType "tourn"]
[EventRounds "17"]
[EventCountry "CUB"]
[EventCategory "1"]
[SourceTitle "EXT 2012"]
[Source "ChessBase"]
[SourceDate "2011.11.24"]
[SourceVersion "1"]
[SourceVersionDate "2011.11.24"]
[SourceQuality "1"]

1. d4 e6 2. c4 f5 3. Nf3 Nf6 4. Nc3 d5 5. Bf4 c6 6. e3 Be7 7. Bd3 0-0 8. Qc2 Ne4 9. g4 Na6 10. a3 g5 11. Be5 Bd7 12. h4 Qa5 13. Ke2 fxg4 14. Bxe4 gxf3+ 15. Bxf3 Rxf3 16. Kxf3 Rf8+ 17. Ke2 Be8 18. hxg5 Bg6 19. Rxh7 Bxh7 20. g6 Rf5 21. gxh7+ Kxh7 22. Rh1+ Kg8 23. Qb1 Qb6 24. b4 dxc4 25. f4 Nxb4 26. Rh8+ Kf7 27. Qh1 Bf8 28. Qh7+ Ke8 29. Qg6+ 1-0